Excerpta medica. Section 4, Microbiology, bacteriology, mycology, parasitology.

Saved in:
Bibliographic Details
New Title:Excerpta medica. Section 4, Microbiology
Previous Title:Excerpta medica. Section 4, Microbiology, bacteriology, virology, mycology, parasitology
Corporate Author: Excerpta Medica (Firm)
Format: Journal
Language:English
Published: Amsterdam, Netherlands : Excerpta Medica, -1980.
Subjects:
LEADER 02238cas a2200541 a 4500
001 c000158593
003 CARM
005 20030210100241.0
008 860318d19801980ne sxjp a 0 0eng d
010 |a sc 85001332 
010 |z sn 80013623 
019 1 |a 4649108  |5 LACONCORD2021 
022 0 |a 0376-6314 
022 0 |y 0014-4088 
030 |a MBVMAA 
035 |a (OCoLC)1778958  |5 LACONCORD2021 
040 |a LC  |b eng  |c LC  |d SUSA 
042 |a nsdp  |a lc 
060 0 |a ZW 1 E9571 
060 0 0 |a ZW 1 E9571 
082 0 4 |a 016.61601  |2 20 
222 0 |a Excerpta medica. Section 4. Microbiology, bacteriology, mycology, parasitology 
245 0 0 |a Excerpta medica.  |n Section 4,  |p Microbiology, bacteriology, mycology, parasitology. 
246 3 0 |a Microbiology, bacteriology, mycology, parasitology 
246 2 |a Excerpta medica. Section four. Microbiology, bacteriology, mycology, parasitology 
260 |a Amsterdam, Netherlands :  |b Excerpta Medica,  |c -1980. 
300 |a v. ;  |c 25 cm. 
310 |a Ten issues a vol., 2 vols. a year 
362 0 |a -v. 37, no. 2 (1980). 
362 1 |a Began with: Vol. 24, published in 1971. 
500 |a Cover title. 
500 |a Description based on: Vol. 34, issue 1, published in 1978. 
510 0 |a Chemical abstracts  |x 0009-2258 
650 2 |a Bacteriology  |x abstracts. 
650 0 |a Pathogenic microorganisms  |x Abstracts  |x Periodicals. 
650 2 |a Microbiology  |x Abstracts. 
650 2 |a Mycology  |x abstracts. 
650 5 |a Parasitory  |x abstracts. 
710 2 |a Excerpta Medica (Firm) 
780 0 0 |t Excerpta medica. Section 4, Microbiology, bacteriology, virology, mycology, parasitology  |x 0014-4088 
785 0 0 |t Excerpta medica. Section 4, Microbiology  |x 0167-4285 
852 8 |b CARM  |h A2:AN19E0  |i C05973  |p 0221919  |f SE 
852 8 |b CARM  |h A2:AN19E0  |i C05975  |p 0221918  |f SE 
866 0 |a 24(1971)-37:2(1980) 
866 0 |a 24(1971)-37:2(1980) 
999 f f |i a8e0efdd-559d-56bf-93c0-703c3ae5be58  |s c156c0e9-5536-5b19-8729-24bff5701fdb 
952 f f |p Can circulate  |a CAVAL  |b CAVAL  |c CAVAL  |d CARM 1 Store  |e C05975  |f A2:AN19E0  |h Other scheme  |i book  |k 32(1970)-37:2(1980)  |m 0221918 
952 f f |p Can circulate  |a CAVAL  |b CAVAL  |c CAVAL  |d CARM 1 Store  |e C05973  |f A2:AN19E0  |h Other scheme  |i book  |k 24(1971)-31(1977)  |m 0221919